000
00325nam a2200121Ia 4500
008
171205s9999 xx 000 0 und d
020
_a
9781284120196
100
_a
Story, Lachel
245
_a
Pathophysiology a Practical Approach
250
_a
3rd ed.
260
_b
Jones & Barlett Learning, LLC
_c
2018
300
_a
522 pages
999
_c
347396
_d
347396